• 首页
  • 本馆介绍
  • 公告通知
  • 最新文献
  • 馆藏检索
  • 电子资源
  • 读者导购
  • 参考咨询
  • 我的图书馆
  • 登录
  • 详细信息显示
  • 放入我的书架
  • 预约/预借图书
  • 作者相关作品
  • 分类相关作品
  • 丛书相关作品
  • 出版社相关作品

书目信息

  • 表格格式
  • 工作单格式
  • 卡片格式
题名:
碰撞·融合·发展
    
 
作者: 臧学运 著
分册:  
出版信息: 长春   吉林大学出版社  2017
页数: 230页
开本: 24cm
丛书名:
单 册:
中图分类: I207.914
科图分类:
主题词:
电子资源:
ISBN: 978-7-5677-9777-2
000 01054nam0 2200265 450
001 012001011174
005 20131017133215.0
010    @a978-7-5677-9777-2@dCNY49.80
099    @aCAL 012018052634
100    @a20170623d2017 em y0chiy50 ea
101 0  @achi
102    @aCN@b220000
105    @ay v 000yy
106    @ar
200 1  @a碰撞·融合·发展@e《格萨尔》的文化变迁研究@f臧学运著@Apeng zhuang · rong he · fa zhan
210    @a长春@c吉林大学出版社@d2017
215    @a230页@d24cm
300    @a山东省社会科学规划研究项目《欧美译介研究》阶段性成果
330    @a本书内容包括:史诗的文化生态环境、《格萨尔》中的原始信仰文化、《格萨尔》中的苯教文化、《格萨尔》中的藏传佛教文化、《格萨尔》民间信仰的“活态”表达、非遗视域下的《格萨尔》、《格萨尔》的当代转型等。
517 1  @a《格萨尔》的文化变迁研究@Age sa er de wen hua bian qian yan jiu
605    @a《格萨尔》@A《Ge Sa Er》@x文学研究
690    @aI207.914@v5
701  0 @a臧学运@f(1977~)@4著@Azang xue yun
801  2 @aCN@b上海新华@c20191020
905    @b1182794-7@dI207.914@e935@f4
    
    碰撞·融合·发展:《格萨尔》的文化变迁研究/臧学运著.-长春:吉林大学出版社,2017
    230页;24cm
    山东省社会科学规划研究项目《欧美译介研究》阶段性成果
    
    ISBN 978-7-5677-9777-2:CNY49.80
    本书内容包括:史诗的文化生态环境、《格萨尔》中的原始信仰文化、《格萨尔》中的苯教文化、《格萨尔》中的藏传佛教文化、《格萨尔》民间信仰的“活态”表达、非遗视域下的《格萨尔》、《格萨尔》的当代转型等。
●
相关链接 在E读中查询图书 在五车中查询图书 在当当中查询图书 在豆瓣中查询图书


正题名:碰撞·融合·发展     索取号:I207.914/935         预约/预借

序号 登录号 条形码 馆藏地/架位号 状态 备注
1 1182794   211827941   第一样本阅览室/ [索取号:I207.914/935] 在馆    
2 1182795   211827950   第二借阅区/ [索取号:I207.914/935] 在馆    
3 1182796   211827969   第二借阅区/ [索取号:I207.914/935] 在馆    
4 1182797   211827978   第二借阅区/ [索取号:I207.914/935] 在馆    
唐山师范学院图书馆 欢迎您!
大连网信软件有限公司© 版权所有